Arteriopatías cerebrales / (Record no. 136594)

MARC details
000 -LEADER
campo de control de longitud fija 00558nam a2200181 4500
001 - NÚMERO DE CONTROL
campo de control 136594
003 - IDENTIFICADOR DE NÚMERO DE CONTROL
campo de control ES-MaACL
005 - FECHA Y HORA DE LA ÚLTIMA TRANSACCIÓN
campo de control 20230906195157.0
007 - CAMPO FIJO DE DESCRIPCIÓN FÍSICA--INFORMACIÓN GENERAL
campo de control de longitud fija t|
008 - DATOS DE LONGITUD FIJA--INFORMACIÓN GENERAL
campo de control de longitud fija 070214s1979 sp r ||||1| spa d
245 00 - MENCIÓN DEL TÍTULO
Título Arteriopatías cerebrales /
Mención de responsabilidad, etc. dirigida por R. W. Ross Russell ; versión española de J. M. Grau Veciana.
250 ## - MENCION DE EDICION
Mención de edición 1ª ed.
260 ## - PUBLICACIÓN, DISTRIBUCIÓN, ETC.
Lugar de publicación, distribución, etc. Barcelona :
Nombre del editor, distribuidor, etc. Toray,
Fecha de publicación, distribución, etc. 1979.
300 ## - DESCRIPCIÓN FÍSICA
Extensión VIII, 369 p. ;
Dimensiones 26 cm.
700 1# - ENTRADA AGREGADA--NOMBRE PERSONAL
Nombre de persona Grau Veciana, J. M.
9 (RLIN) 59760
700 1# - ENTRADA AGREGADA--NOMBRE PERSONAL
Nombre de persona Russell, R. W. Ross.
9 (RLIN) 101048
852 ## - LOCALIZACIÓN
Ubicación ES-MaACL
Número de control de estantería C-21809
Sublocalización o colección R.100642
Holdings
Estatus retirado Estado de pérdida Estado de daño No para préstamo Biblioteca de origen Biblioteca actual Ubicación en estantería Fecha de adquisición Fuente de adquisición Total de préstamos Signatura topográfica completa Código de barras Visto por última vez Precio de reemplazo Tipo de ítem Koha
        Biblioteca del Ateneo de Madrid Biblioteca del Ateneo de Madrid Galería 17/01/2008     C-21809 1142156 23/02/2023 23/02/2023 Libro impreso